Stranger Things in 1 Minute Lyrics - Statistics

General Stats
  • This quiz has been taken 207 times
    187 since last reset
  • The average score is 52 of 197
Answer Stats
Answer % Correct
Dustin
97%
Lucas
96%
Mike
93%
Will
93%
me
78%
hawkins
76%
83
70%
indy
67%
chillin
63%
playing
63%
d&d
55%
i
55%
go
54%
missing
54%
omg
54%
bowl
45%
cut
45%
major
45%
something
42%
awful
40%
Barb
40%
dustin
40%
eggo
40%
goodbye
40%
lucas
40%
max
40%
mike
40%
will
40%
Demogorgons
39%
down
39%
it
39%
shut
39%
the
39%
tight
39%
upside
39%
waffle
39%
we
39%
and
37%
christmas
37%
lights
37%
cracks
31%
has
31%
it
31%
some
31%
down
30%
the
30%
upside
30%
i
27%
like
27%
and
25%
bob
25%
Dustin
25%
eleven's
25%
gone
25%
i
25%
i
25%
jon
25%
like
25%
like
25%
likes
25%
Lucas
25%
max
25%
mom
25%
nancy
25%
Robin
25%
Steve
25%
Will
25%
will's
25%
the
24%
time
24%
back
22%
best
22%
bowl
22%
closed
22%
cut
22%
found
22%
gate
22%
Guys
22%
hawkins
22%
i'm
22%
in
22%
is
22%
major
22%
no
22%
possesed
22%
rip
22%
russians
22%
the
22%
the
22%
there's
22%
they
22%
been
21%
Billy's
21%
crushing
21%
demodogs
21%
eleven
21%
goes
21%
it
21%
mike
21%
so
21%
well
21%
crew
19%
dustin
19%
ending
19%
find
19%
get
19%
he
19%
here
19%
killing
19%
Mall
19%
never
19%
Starcourt
19%
stop
19%
story
19%
the
19%
there
19%
to
19%
us
19%
Vecna's
19%
wants
19%
we've
19%
beat
18%
bowl
18%
Chrissy
18%
cream
18%
cut
18%
dont
18%
down
18%
flayer
18%
go
18%
hill
18%
Hurry
18%
i
18%
ice
18%
is
18%
like
18%
look
18%
run
18%
see
18%
Spy
18%
suzie-poo
18%
that
18%
the
18%
the
18%
this
18%
time
18%
up
18%
up
18%
Upside
18%
wake
18%
where
18%
you
18%
behind
16%
fight
16%
five
16%
for
16%
glory
16%
it's
16%
kill
16%
out
16%
right
16%
Season
16%
Team
16%
us
16%
Vecna's
16%
Vecna's
16%
air
15%
coming
15%
don't
15%
floating
15%
in
15%
in
15%
lair
15%
Mom's
15%
Russia
15%
start
15%
the
15%
to
15%
We'll
15%
better
13%
But
13%
day
13%
El
13%
hair
13%
here
13%
is
13%
more
13%
Okay
13%
one
13%
save
13%
Stranger
13%
the
13%
Things
13%
to
13%
Um
13%
with
13%
year
12%
No matching quizzes found
Score Distribution
Percent of People with Each Score
Percentile by Number Answered
Your Score History
You have not taken this quiz since the last reset